[Event "HZ Chess Tournament 2022"]
[Site "Vlissingen, Netherlands"]
[Date "2022.08.08"]
[Round "4.42"]
[White "Weber, Dirk"]
[Black "Sai Kiran Y"]
[Result "0-1"]
[WhiteElo "2208"]
[BlackElo "1879"]
[PlyCount "128"]

1. e4 e6 2. d3 d5 3. Nd2 Nc6 4. Ngf3 dxe4 5. dxe4 Nf6 6. Bb5 Bd7 7. O-O a6 8.
Ba4 b5 9. Bb3 Bd6 10. Qe2 e5 11. c3 O-O 12. Rd1 Ne7 13. Nf1 Ng6 14. h3 Nh5 15.
Be3 Nhf4 16. Qc2 Qf6 17. Ne1 Nh4 18. Nh2 Qg6 19. Bxf4 exf4 20. Kh1 Rae8 21. f3
Kh8 22. Qf2 Qh6 23. Nd3 Bc8 24. c4 f5 25. c5 fxe4 26. cxd6 exd3 27. dxc7 Re3
28. Rac1 Nf5 29. Ng4 Qd6 30. Kg1 h5 31. Nxe3 fxe3 32. Qe2 dxe2 33. Rxd6 Nxd6
34. Re1 Re8 35. Rxe2 Bf5 36. Re1 Nc4 37. Bxc4 bxc4 38. g4 Bc8 39. Rc1 a5 40.
Kf1 Ba6 41. Rc3 Re7 42. Ke1 Rxc7 43. Rxe3 hxg4 44. hxg4 Rb7 45. b3 a4 46. bxc4
Bxc4 47. Re4 Rc7 48. Kd2 a3 49. Re8+ Kh7 50. Ra8 Rd7+ 51. Kc2 Bd3+ 52. Kc1 Be2
53. Rxa3 Rf7 54. Kd2 Bxf3 55. Ra4 Re7 56. Rf4 Be2 57. a4 Kg6 58. a5 Kg5 59. Ra4
Bxg4 60. Kc3 Bf3 61. Ra1 Kf4 62. Kb4 g5 63. Kc5 g4 64. a6 g3 0-1

[Event "HZ Chess Tournament 2022"]
[Site "Vlissingen, Netherlands"]
[Date "2022.08.08"]
[Round "4.43"]
[White "Arnold, Kiri"]
[Black "Cordes, Hans-Joerg"]
[Result "0-1"]
[WhiteElo "1898"]
[BlackElo "2154"]
[PlyCount "124"]

1. e4 c5 2. Nf3 d6 3. d4 cxd4 4. Nxd4 Nf6 5. Nc3 a6 6. h3 e6 7. g4 d5 8. exd5
Nxd5 9. Ne4 Qc7 10. Bg2 Nf4 11. Bxf4 Qxf4 12. O-O Be7 13. c3 O-O 14. Qc2 Qc7
15. Rad1 Bd7 16. Kh1 Nc6 17. Nxc6 Bxc6 18. Ng3 Bb5 19. Rfe1 Rfd8 20. Bf1 Be8
21. Bg2 Rac8 22. Qb3 b5 23. Ne4 a5 24. Rxd8 Rxd8 25. Rd1 Rxd1+ 26. Qxd1 Qe5 27.
Qd3 h5 28. Qd2 h4 29. Qd3 b4 30. cxb4 axb4 31. a3 Qxb2 32. axb4 Qxb4 33. Qc3
Qb1+ 34. Kh2 Qb8+ 35. Kg1 Kh7 36. Qd3 f5 37. gxf5 exf5 38. Nd2 g6 39. Nf3 Qf4
40. Qd5 Qc1+ 41. Bf1 Qc6 42. Qxc6 Bxc6 43. Bg2 Ba4 44. Ne5 Bf6 45. Nd3 Bb3 46.
Bc6 Bf7 47. Kg2 Kg7 48. Bb7 Bd4 49. f3 Kf6 50. Ba8 Bc4 51. Nf2 Ke5 52. Bc6 Be2
53. Bb7 Kf4 54. Bc6 Ke3 55. Bd5 Kd2 56. Bf7 g5 57. Be6 Ke1 58. Bxf5 Bxf2 59.
Bg4 Bf1+ 60. Kh2 Bc5 61. f4 Kf2 62. Bh5 Bd6 0-1

[Event "HZ Chess Tournament 2022"]
[Site "Vlissingen, Netherlands"]
[Date "2022.08.08"]
[Round "4.44"]
[White "Krause, Thomas"]
[Black "Timmermans, Adri"]
[Result "1-0"]
[WhiteElo "2129"]
[BlackElo "1840"]
[PlyCount "93"]

1. c4 e5 2. Nc3 f5 3. d4 e4 4. Nh3 c6 5. g3 Nf6 6. Nf4 Bb4 7. Bd2 Bxc3 8. Bxc3
d5 9. e3 O-O 10. h4 Re8 11. Be2 Be6 12. b3 Bf7 13. O-O Nbd7 14. Bb4 Nf8 15.
Bxf8 Kxf8 16. Qd2 a6 17. Rfc1 Rc8 18. c5 Nd7 19. a4 g5 20. hxg5 Qxg5 21. Kg2
Ke7 22. Rh1 Nf6 23. Rh4 h5 24. Rah1 Rh8 25. b4 Rcg8 26. b5 axb5 27. axb5 Ra8
28. Qb2 Rab8 29. Ra1 Rhg8 30. Kf1 Ng4 31. Bxg4 fxg4 32. Ra7 Kf6 33. bxc6 bxc6
34. Rb7 Rbc8 35. Qb6 Rh8 36. Rc7 Rxc7 37. Qxc7 Be8 38. Ke2 Qf5 39. Rh1 Rh7 40.
Qd8+ Kf7 41. Rb1 Qd7 42. Qg5 Kf8 43. Rb8 Rg7 44. Qxh5 Qf7 45. Qe5 Rh7 46. Ne6+
Kg8 47. Ng5 1-0

[Event "HZ Chess Tournament 2022"]
[Site "Vlissingen, Netherlands"]
[Date "2022.08.08"]
[Round "4.45"]
[White "Boghossian, Wahe"]
[Black "Casteleijn, Diederick"]
[Result "1-0"]
[WhiteElo "1892"]
[BlackElo "2120"]
[PlyCount "59"]

1. c4 g6 2. Nc3 Bg7 3. d4 c5 4. d5 d6 5. e4 Nf6 6. Be2 O-O 7. Nf3 e5 8. dxe6
Bxe6 9. Bf4 Qb6 10. O-O Rd8 11. Qd2 Nc6 12. Rfd1 Bg4 13. Bg5 Re8 14. Bxf6 Bxf6
15. Nd5 Qd8 16. Qf4 Bxb2 17. Rab1 Bxf3 18. Rxb2 Bxe2 19. Nf6+ Qxf6 20. Qxf6
Bxd1 21. Rxb7 Ne5 22. f4 Re6 23. Qh4 Nxc4 24. f5 Re5 25. Qh6 Rxe4 26. f6 Re1+
27. Kf2 Re2+ 28. Kg3 Re3+ 29. Kf4 Rae8 30. Qg7# 1-0

[Event "HZ Chess Tournament 2022"]
[Site "Vlissingen, Netherlands"]
[Date "2022.08.08"]
[Round "4.46"]
[White "Albrecht, Alex"]
[Black "Van der Zalm, Marnix"]
[Result "0-1"]
[WhiteElo "1884"]
[BlackElo "2088"]
[PlyCount "58"]

1. d4 d6 2. e4 g6 3. c4 Bg7 4. Nc3 Nc6 5. Nge2 Nf6 6. f3 O-O 7. Bg5 a6 8. Qd2
Rb8 9. Nc1 e5 10. d5 Nd4 11. Nb3 c5 12. dxc6 bxc6 13. Nxd4 exd4 14. Nd1 Re8 15.
Bd3 d5 16. O-O dxc4 17. Bxc4 Qb6 18. Re1 Be6 19. Bxe6 Rxe6 20. Rc1 Nd7 21. Kh1
a5 22. b3 Bf8 23. Rf1 Bb4 24. Qe2 Ba3 25. Rc2 a4 26. bxa4 Nc5 27. Nf2 Nxa4 28.
Nd3 Qb5 29. Bd2 c5 0-1

[Event "HZ Chess Tournament 2022"]
[Site "Vlissingen, Netherlands"]
[Date "2022.08.08"]
[Round "4.47"]
[White "Kalma, Jildo"]
[Black "Dougherty, Michael"]
[Result "1-0"]
[WhiteElo "1826"]
[BlackElo "2071"]
[PlyCount "61"]

1. d4 g6 2. Nf3 Bg7 3. Nc3 c5 4. d5 d6 5. e4 Nf6 6. Bb5+ Nfd7 7. a4 O-O 8. O-O
Na6 9. Bf4 Nc7 10. h3 a6 11. Bd3 Rb8 12. Re1 b5 13. axb5 axb5 14. Bf1 b4 15.
Na4 Nb6 16. Nxb6 Rxb6 17. Qc1 e6 18. Rd1 exd5 19. exd5 Bf5 20. Bc4 Qf6 21. Ra7
Rc8 22. Re1 Nb5 23. Bxb5 Rxb5 24. Ree7 Ra5 25. Bg5 Qxe7 26. Rxe7 Ra2 27. Qe1
Bxb2 28. Re8+ Kg7 29. Qe7 Rxe8 30. Qxe8 Bxc2 31. Be7 1-0

[Event "HZ Chess Tournament 2022"]
[Site "Vlissingen, Netherlands"]
[Date "2022.08.08"]
[Round "4.48"]
[White "Bleeker, Kasper"]
[Black "Brokaar, Joey"]
[Result "0-1"]
[WhiteElo "1823"]
[BlackElo "2068"]
[PlyCount "48"]

1. e4 c5 2. Nf3 d6 3. d4 cxd4 4. Nxd4 Nf6 5. Nc3 a6 6. Bg5 Nbd7 7. f4 Qc7 8.
Qf3 h6 9. Bxf6 Nxf6 10. O-O-O Bg4 11. Qd3 Bxd1 12. Qxd1 e6 13. Be2 d5 14. e5
Ne4 15. Nxe4 dxe4 16. Nxe6 fxe6 17. Bh5+ Ke7 18. Qg4 Rd8 19. f5 Qxe5 20. Rf1
Kd6 21. Rf4 exf5 22. Rxf5 Qd4 23. Qf4+ Kc6 24. c3 Bd6 0-1

[Event "HZ Chess Tournament 2022"]
[Site "Vlissingen, Netherlands"]
[Date "2022.08.08"]
[Round "4.49"]
[White "Lucas, Fred"]
[Black "Coenen, Eduard"]
[Result "0-1"]
[WhiteElo "1806"]
[BlackElo "2063"]
[PlyCount "60"]

1. d4 g6 2. e4 Bg7 3. Nc3 d6 4. Be3 a6 5. Qd2 Nd7 6. O-O-O b5 7. Kb1 b4 8. Nce2
a5 9. Nc1 Nb6 10. h4 h5 11. Nh3 Nf6 12. f3 Ba6 13. Bxa6 Rxa6 14. Qe2 Qa8 15.
Nf4 Nfd7 16. Rhg1 Qb7 17. Nd5 Nxd5 18. exd5 Nf6 19. g4 Nxd5 20. Bg5 e6 21. Rge1
a4 22. Qc4 Qc6 23. Qd3 Kd7 24. Re4 Kc8 25. Rde1 a3 26. Bd2 axb2 27. Kxb2 hxg4
28. h5 gxh5 29. Rxe6 fxe6 30. Qg6 Bxd4+ 0-1

[Event "HZ Chess Tournament 2022"]
[Site "Vlissingen, Netherlands"]
[Date "2022.08.08"]
[Round "4.50"]
[White "Freer, Rob"]
[Black "Reichardt, Robin"]
[Result "0-1"]
[WhiteElo "1745"]
[BlackElo "2054"]
[PlyCount "62"]

1. e4 e5 2. Nf3 Nc6 3. Bb5 a6 4. Ba4 Nf6 5. d3 b5 6. Bb3 Be7 7. O-O d6 8. c3
Na5 9. Nbd2 c5 10. Bc2 Nc6 11. Re1 O-O 12. h3 Qc7 13. Nf1 Rd8 14. c4 Be6 15. b3
Nd7 16. Ng3 g6 17. Bg5 Nf8 18. Qd2 f6 19. Be3 Bf7 20. Nf1 f5 21. Bg5 Ne6 22.
Bxe7 Qxe7 23. exf5 gxf5 24. Qh6 Kh8 25. Ne3 Ned4 26. Nxd4 Nxd4 27. f4 Rg8 28.
fxe5 dxe5 29. Kh1 Rg6 30. Qh5 Rxg2 31. Qd1 Rg3 0-1